Footy Tenaball #1 - Statistics

General Stats
  • This quiz has been taken 1,386 times
  • The average score is 7 of 10
Answer Stats
Hint Answer % Correct
#1 Sergio Aguero
100%
#5 Kevin De Bruyne
93%
#2 Raheem Sterling
89%
#6 David Silva
82%
#7 Bernardo Silva
78%
#4 Leroy Sane
77%
#3 Gabriel Jesus
63%
#9 Fernandinho
59%
#8 Ilkay Gundogan
55%
#10 Nicolas Otamendi
27%
No matching quizzes found
Score Distribution
Percent of People with Each Score
Percentile by Number Answered
Your Score History
You have not taken this quiz